000 00777nam a2200265 a 4500
001 adlib96000001
003 ViArRB
005 200902210153555.7
008 960221s1955 dcuabcdjdbkoqu001 0deng d
020 _a9780330418829
022 _a
040 _aAdlib
082 _aF
245 _aFalse impression
250 _a
260 _aLondon
_bPan Books
_c2006
300 _a450p.
_c
500 _a
100 _aArcher, Jeffrey
_e
700 _a
_a
942 _cBK
653 _aFiction- English literature
952 _w1980-01-02
_p00054273
_r2012-08-09
_40
_00
_bUL
_m2
_10
_oF ARC
_d1980-01-02
_70
_2udc
_yBK
_s2012-07-27
_l18
_aUL
952 _w2010-06-16
_p00059688
_r2012-07-06
_40
_00
_bUL
_m3
_10
_oF ARC/F
_d2010-06-16
_70
_yBK
_s2012-06-15
_l14
_aUL
999 _c55542
_d55541